Statistics for Every Team to Win the FA Cup

Click here to take the quiz!

General Stats

  • This quiz has been taken 33 times
  • The average score is 115 of 139

Answer Stats

YearTeam% Correct
1969-70 | 1996-97 | 1999-2000 | +5 othersChelsea
100%
1903–04 | 1933-34 | 1955-56 | +2 othersManchester City
100%
1908–09 | 1946-48 | 1962-63 | +10 othersManchester United
100%
1929-30 | 1935-36 | 1949-50 | +11 othersArsenal
97%
1905–06 | 1932-33 | 1965-66 | +2 othersEverton
97%
1897–98 | 1958-59Nottingham Forest
97%
1900–01 | 1920-21 | 1960-61 | +5 othersTottenham Hotspur
97%
1964-65 | 1973-74 | 1985-86 | +4 othersLiverpool
94%
1886–87 | 1894–95 | 1896–97 | +4 othersAston Villa
90%
1971-72Leeds United
90%
1975-76Southampton
90%
1882–83Blackburn Olympic
87%
1883–84 | 1884–85 | 1885–86 | +3 othersBlackburn Rovers
87%
1938-39 | 2007-08Portsmouth
87%
1934-35Sheffield Wednesday
87%
1909–10 | 1923-24 | 1931-32 | +3 othersNewcastle United
84%
1898–99 | 1901–02 | 1914-15 | 1924-25Sheffield United
84%
1936-37 | 1972-73Sunderland
84%
1963-64 | 1974-75 | 1979-80West Ham United
84%
1926-27Cardiff City
77%
1945–46Derby County
77%
1977-78Ipswich Town
77%
2012-13Wigan Athletic
77%
1888–89 | 1937-38Preston North End
74%
1895–96 | 1906–07The Wednesday
74%
1987-88Wimbledon
74%
1952-53Blackpool
71%
1887–88 | 1891–92 | 1930-31 | +2 othersWest Bromwich Albion
71%
1892–93 | 1907–08 | 1948-49 | 1959-60Wolverhampton Wanderers
71%
1922-23 | 1925-26 | 1928-29 | 1957-58Bolton Wanderers
68%
1913-14Burnley
68%
1921-22Huddersfield Town
65%
1986-87Coventry City
61%
1910–11Bradford City
58%
1873-74Oxford University
55%
1946-47Charlton Athletic
48%
1893–94Notts County
42%
1899–1900 | 1902–03Bury
39%
1871-72 | 1872-73 | 1875-76 | +2 othersWanderers
39%
1911–12Barnsley
29%
1878–79 | 1881–82Old Etonians
29%
1874-75Royal Engineers
26%
1879–80Clapham Rovers
16%
1880–81Old Carthusians
13%

Score Distribution

Percentile by Number Answered

Percent of People with Each Score

Your Score History

You have not taken this quiz